00779nam a2200181 a 450000100100000000500170001000800410002702000150006804000250008324501370010826000560024530000210030171000710032271000730039304900090046695201050047599900170058000002645020200930030230.0110318s2000 dr 000 0 spa d a9993480711 aDO-SdBNPbspacBNPHU00aCatálogo colectivo de publicaciones periódicas en ciencias sociales y humanidades /ceditado Dulce María Núñez de Taveras. aSanto Domingo :bADRUbABUD,c2000.fEditora Búho a679 P. ;c23 cm.1 aAsociación Dominicana de Rectores de Universidades (ADRU)9535061 aAsociación de Bibliotecas Universitarias Dominicanas (ABUD)953507 aBNPD 0010718PDaPDbPDcCTd2011-03-18iLF1l0o p26450-10r2020-06-25w2020-06-25yLFPDZNo se presta c25942d25942